Hospodaření v krytých prostorách. 2. /

Hlavní autor: Štambera, Jaroslav, 1922-1998
Korporativní autor: Vysoká škola zemědělská v Brně. Agronomická fakulta
Jazyk: Čeština
Vydáno: Brno : Vysoká škola zemědělská, 1981
Vydání: 1. vyd.
Edice: Učební texty vysokých škol / Vysoká škola zemědělská v Brně, fakulta agronomická
Fyzický popis: 71 s.
Knihy
Uloženo v:
LEADER 01536nam a2200325 a 4500
001 000625233
003 CZ BrMZK
005 20180925103406.0
007 ta
008 020925s1981 xr f cze d
015 |a cnb001274613 
035 |a (OCoLC)85657266 
040 |a BOA001  |b cze  |c BOA001 
080 |a 631.544(075.8):378.663  |2 MRF 
100 1 |a Štambera, Jaroslav,  |d 1922-1998  |7 jk01131071  |4 aut 
245 1 0 |a Hospodaření v krytých prostorách.  |n 2. /  |c Jaroslav Štambera 
250 |a 1. vyd. 
260 |a Brno :  |b Vysoká škola zemědělská,  |c 1981 
300 |a 71 s. 
490 1 |a Učební texty vysokých škol / Vysoká škola zemědělská v Brně, fakulta agronomická 
710 2 |a Vysoká škola zemědělská v Brně.  |b Agronomická fakulta  |7 kn20010710398 
810 2 |a Vysoká škola zemědělská v Brně.  |t Učební texty vysokých škol  |0 s 
910 |a BOA001  |b 4-0834.904 
990 |a BK 
996 6 |b BC-51691  |c 4-0834.904  |l MZK  |r Sklad / do 1 hodiny  |n 0  |w 000625233  |u 000010  |a 1  |e BOA001  |j MZK50  |s P 
996 6 |b BC-51692  |c 4-0834.904  |l MZK  |r Sklad / do 1 hodiny  |n 0  |w 000625233  |u 000020  |a 1  |e BOA001  |j MZK50  |s P 
996 6 |b BC-51693  |c 4-0834.904  |l MZK  |r Sklad / do 1 hodiny  |n 0  |w 000625233  |u 000030  |a 1  |e BOA001  |j MZK50  |s P 
996 6 |b BC-51694  |c 4-0834.904  |l MZK  |r Sklad / do 1 hodiny  |n 0  |w 000625233  |u 000040  |a 1  |e BOA001  |j MZK50  |s P 
996 6 |b BC-51695  |c 4-0834.904  |l MZK  |r Sklad / do 1 hodiny  |n 0  |w 000625233  |u 000050  |a 1  |e BOA001  |j MZK50  |s P 
996 6 |b BC-51696  |c 4-0834.904  |l MZK  |r Sklad / do 1 hodiny  |n 0  |w 000625233  |u 000060  |a 1  |e BOA001  |j MZK50  |s P